000 00271nam a2200109Ia 4500
008 230627s9999 xx 000 0 und d
041 _aeng
082 _a347
_bSAH
100 _aSaha A. N.
245 _aCode Of Civil Procedure 1908
260 _aCalcutta
_bEastern Law House
999 _c682232
_d682232